Т. 1; История философии. Собрание произведений

التفاصيل البيبلوغرافية
Parent link:История философии. Собрание произведений: Пер. с нем./ Л. Фейербах; Академия Наук СССР; Институт философии. Т. 1.— , 1967
اللغة:الروسية
منشور في: 1967
الموضوعات:
التنسيق: كتاب
KOHA link:https://koha.lib.tpu.ru/cgi-bin/koha/opac-detail.pl?biblionumber=13371

MARC

LEADER 00000nam2a2200000 4500
001 13371
005 20231101204902.0
035 |a (RuTPU)RU\TPU\book\13453 
035 |a BOOK00013521 
090 |a 13371 
100 |a 20011209d1967 k y0rusy50 ca 
101 1 |a rus  |c ger 
102 |a RU 
105 |a с z 001zd 
200 0 |a Т. 1 
210 |d 1967 
215 |a 544 с.  |c 1 л. портр. 
320 |a Указатели: с. 532-540 
461 1 |0 (RuTPU)RU\TPU\book\20457  |t История философии. Собрание произведений  |o Пер. с нем.  |o В 3 т.  |f Л. Фейербах  |g Академия Наук СССР; Институт философии  |v Т. 1  |d 1967  |s Философское наследие 
600 1 |a Бёме  |b Я.  |f 1575-1624  |g Якоб  |c немецкий философ-мистик  |2 stltpush  |3 (RuTPU)RU\TPU\pers\9651 
600 1 |a Фейербах  |g Людвиг  |b Л.  |c немецкий философ  |f 1804-1872  |2 stltpui  |3 (RuTPU)RU\TPU\pers\379 
600 1 |a Бэкон  |g Фрэнсис  |b Ф.  |c английский философ  |c родоначальник английского материализма  |f 1561-1626  |2 stltpui  |3 (RuTPU)RU\TPU\pers\61 
600 1 |a Гоббс  |g Томас  |b Т.  |c английский философ  |f 1588-1679  |2 stltpui  |3 (RuTPU)RU\TPU\pers\1268 
600 1 |a Гассенди  |g Пьер  |b П.  |f 1592-1655  |c французский философ  |c математик  |c астроном  |2 stltpui  |3 (RuTPU)RU\TPU\pers\1442 
600 1 |a Декарт  |g Рене  |b Р.  |c французский философ, математик, физик и физиолог  |f 1596-1650  |2 stltpui  |3 (RuTPU)RU\TPU\pers\142 
600 1 |a Гейлинкс  |b А.  |c голландский философ  |f 1625-1669  |g Арнольд  |2 stltpush  |3 (RuTPU)RU\TPU\pers\14408  |9 4782 
600 1 |a Мальбранш  |b Н.  |c французский философ  |c теолог  |f 1638-1715  |g Никола  |2 stltpush  |3 (RuTPU)RU\TPU\pers\11361  |9 2576 
600 1 |a Спиноза  |g Бенедикт (Барух)  |c нидерландский философ  |f 1632-1677  |b Б.  |2 stltpui  |3 (RuTPU)RU\TPU\pers\434 
610 1 |a философия 
610 1 |a немецкая философия 
610 1 |a история 
610 1 |a 19 век 
610 1 |a материализм 
686 |a Ю3(4Г)  |v LBC/SL-A  |2 rubbk 
801 0 |a RU  |b 63413507  |c 20011209  |g PSBO 
801 2 |a RU  |b 63413507  |c 20160309  |g PSBO 
942 |c BK